000 00579nam a2200157Ia 4500
008 081213s9999 xx 000 0 und d
050 _a305.52
_bNEW
082 _a305.52
_bNEW
245 _aThe new millionaires and how they made their fortunes.
260 _c1961
_aNew York
_bMacfadden books.
300 _a127 p.
_c18 cm.
650 _aWEALTH
700 _aWall street journal
942 _cBK
_2lcc
999 _c8889
_d8889